| 000 | 00862nam a2200217 i 4500 | ||
|---|---|---|---|
| 001 | 167897 | ||
| 003 | ES-MaACL | ||
| 005 | 20250809031218.0 | ||
| 008 | 990104s1858 fr |||| | fre d | ||
| 040 |
_aCCPB | B _bspa _cCCPB | B |
||
| 100 | 1 |
_aWeiss, Siegfried. _9133897 |
|
| 245 | 1 | 0 |
_aCode du droit maritime international _b: tel qu'il existe chez les nations en temps de paix et en temps de guerre depuis les temps les plus reculés jusqu'á nos jours sélon l'École Historique / _cpar Siegfried Weiss. |
| 260 |
_aParis : _bAmyot, _c1858. |
||
| 300 |
_a2 v. ; _c21 cm. |
||
| 500 | _aOuvrage couronné par la Faculté de Droit de Fribourg (en Brisgau) | ||
| 597 | _aAntep. | ||
| 650 | 7 |
_aDerecho marítimo internacional _2embne _911734 |
|
| 650 | 4 |
_aCodificación. _9135785 |
|
| 852 |
_aES-MaACL _jC-2650-51 _z-- Enc. hol. |
||
| 999 |
_c167897 _d167897 |
||